Biblical models for strategic mission / (Record no. 1720)

MARC details
000 -LEADER
fixed length control field 00614cam a2200217 a 4500
001 - CONTROL NUMBER
control field 6420791
003 - CONTROL NUMBER IDENTIFIER
control field GBCCL
005 - DATE AND TIME OF LATEST TRANSACTION
control field 20241126110408.0
008 - FIXED-LENGTH DATA ELEMENTS--GENERAL INFORMATION
fixed length control field 031028s2002 ii b 000 0 eng d
035 ## - SYSTEM CONTROL NUMBER
System control number (OCoLC)ocn688905649
035 ## - SYSTEM CONTROL NUMBER
System control number 6420791
040 ## - CATALOGING SOURCE
Original cataloging agency CtY-D
Transcribing agency CtY-D
082 ## - DEWEY DECIMAL CLASSIFICATION NUMBER
Classification number 266.001
Item number PON
100 1# - MAIN ENTRY--PERSONAL NAME
Personal name Ponraj, S. Devasagayam.
9 (RLIN) 407
245 10 - TITLE STATEMENT
Title Biblical models for strategic mission /
Statement of responsibility, etc. S.D. Ponraj.
260 ## - PUBLICATION, DISTRIBUTION, ETC.
Place of publication, distribution, etc. Chennai, India :
Name of publisher, distributor, etc. Mission Educational Books,
Date of publication, distribution, etc. 2002.
300 ## - PHYSICAL DESCRIPTION
Extent 192 p. ;
Dimensions 22 cm.
650 #0 - SUBJECT ADDED ENTRY--TOPICAL TERM
Topical term or geographic name entry element Missions
Geographic subdivision India.
9 (RLIN) 52
650 #0 - SUBJECT ADDED ENTRY--TOPICAL TERM
Topical term or geographic name entry element Church work
Geographic subdivision India.
9 (RLIN) 3530
942 ## - ADDED ENTRY ELEMENTS (KOHA)
Source of classification or shelving scheme Dewey Decimal Classification
Koha item type Books
Koha issues (borrowed), all copies 22
Holdings
Withdrawn status Lost status Source of classification or shelving scheme Damaged status Not for loan Home library Current Library Shelving location Date acquired Total checkouts Total renewals Full call number Barcode Date last seen Date last checked out Copy number Price effective from Koha item type
    Dewey Decimal Classification     GRACE BIBLE COLLEGE GRACE BIBLE COLLEGE Ministry & Mission 2017-05-22 18 1 266.001 PON 006910 2025-10-06 2025-09-29 c.2 2017-05-22 Books
    Dewey Decimal Classification     GRACE BIBLE COLLEGE GRACE BIBLE COLLEGE Ministry & Mission 2017-05-25 8   266.001 PON 006902 2025-10-06 2025-09-29 c.1 2017-05-25 Books
© Grace Bible College Library 2025